Holiday Quiz

Random Holiday or Spanish Quiz
Score 0/23 Timer 08:00
0 Plays Today
% Correct
Two
95.6%
Vietnam
90.7%
One
88.3%
Korean
85.7%
Unknown
81.7%
Cold
80%
Arlington
78%
Spanish
76.9%
African
74.3%
Philippines
72.6%
Iraq
69.8%
Mexican
69.7%
% Correct
England
68.2%
Dog
67.5%
Afghanistan
66.7%
Revolution
66%
Scottish
62.2%
Arizona
59.7%
Persian Gulf
58%
Grenada
49.4%
1812
49.1%
Murphy
38.3%
USS Cole
33.3%
Remove Ads.
Support Sporcle.
Get the best of Sporcle when you Go Orange. This ad-free experience offers more features, more stats, and more fun while also helping to support Sporcle. Thank you for becoming a member.

You're not logged in!

Compare scores with friends on all Sporcle quizzes.
OR
Log In

Sporcle TV

Today on Sporcle TV


Watch our educational content, quiz creation guides, and fun videos on Sporcle TV.

Show Comments

Extras

Top Quizzes Today


Score Distribution

Paid Content

Your Account Isn't Verified!

In order to create a playlist on Sporcle, you need to verify the email address you used during registration. Go to your Sporcle Settings to finish the process.

Report this User

Report this user for behavior that violates our Community Guidelines.

Details: